Match the European to their country (4) - Statistics

General Stats
  • This quiz has been taken 55 times
  • The average score is 7 of 20
Answer Stats
Hint Extra Hint Answer % Correct
Leonardo da Vinci Artist Italy ๐Ÿ‡ฎ๐Ÿ‡น
93%
John Paul II Pope Poland ๐Ÿ‡ต๐Ÿ‡ฑ
80%
Wolfgang Haas Archbishop Liechtenstein ๐Ÿ‡ฑ๐Ÿ‡ฎ
59%
Melania Trump Glory seeker Slovenia ๐Ÿ‡ธ๐Ÿ‡ฎ
57%
Lluรญs Claret Skier Andorra ๐Ÿ‡ฆ๐Ÿ‡ฉ
50%
Mother Teresa Nun North Macedonia ๐Ÿ‡ฒ๐Ÿ‡ฐ
45%
Leonid Brezhnev Ruler Ukraine ๐Ÿ‡บ๐Ÿ‡ฆ
45%
David Millar Cyclist Malta ๐Ÿ‡ฒ๐Ÿ‡น
43%
Nikola Tesla Inventor Croatia ๐Ÿ‡ญ๐Ÿ‡ท
34%
Stiliyan Petrov Footballer Bulgaria ๐Ÿ‡ง๐Ÿ‡ฌ
32%
Kaja Kallas President Estonia ๐Ÿ‡ช๐Ÿ‡ช
32%
Muhammad Nasir al-Din Islamic scholar Albania ๐Ÿ‡ฆ๐Ÿ‡ฑ
25%
Marc Chagall Artist Belarus ๐Ÿ‡ง๐Ÿ‡พ
25%
Bela Lugosi Actor Romania ๐Ÿ‡ท๐Ÿ‡ด
25%
Khiuaz Dospanova Female fighter pilot Kazakhstan ๐Ÿ‡ฐ๐Ÿ‡ฟ
23%
Mark Rothko Artist Latvia ๐Ÿ‡ฑ๐Ÿ‡ป
23%
Al Jolson Entertainer Lithuania ๐Ÿ‡ฑ๐Ÿ‡น
16%
Dejan Saviฤ‡eviฤ‡ Footballer Montenegro ๐Ÿ‡ฒ๐Ÿ‡ช
16%
Constantine the Great Roman Emperor Serbia ๐Ÿ‡ท๐Ÿ‡ธ
11%
Xenia Deli Model Moldova ๐Ÿ‡ฒ๐Ÿ‡ฉ
7%
No matching quizzes found
Score Distribution
Percent of People with Each Score
Percentile by Number Answered
Your Score History
You have not taken this quiz